| 000 | 00739nam a22002657a 4500 | ||
|---|---|---|---|
| 001 | 200462179 | ||
| 003 | TR-AnTOB | ||
| 005 | 20241119101419.0 | ||
| 008 | 240801b tu ||||| |||| 00| 0 tur d | ||
| 020 | _a9786258113815 | ||
| 040 |
_aTR-AnTOB _beng _erda _cTR-AnTOB |
||
| 041 | _atur | ||
| 092 |
_a813.42 _bAVC 2023 |
||
| 100 | 1 |
_aAvcı, Ezgi _9146677 |
|
| 245 |
_aBabaannem bir astronot mu ? / _cAvcı, Ezgi ; Resimleyen; Emel, Atar |
||
| 300 |
_a24 Pages : _bill. ; _c22 cm. |
||
| 336 |
_atext _btxt _2rdacontent |
||
| 337 |
_aunmediated _bn _2rdamedia |
||
| 338 |
_avolume _bnc _2rdacarrier |
||
| 653 | _aAstronot | ||
| 700 | 1 |
_aAtar, Emel _9146678 |
|
| 942 |
_2ddc _cBK |
||
| 999 |
_c200462179 _d80391 |
||